[Event "Silver Lake Open-A 2018"]
[Site "Veliko Gradiste"]
[Date "2018.06.18"]
[Round "3"]
[White "Ioannidis, Evgenios"]
[Black "Kadric, Denis"]
[Result "0-1"]
[WhiteElo "2339"]
[BlackElo "2509"]
[Annotator "TA"]
[PlyCount "66"]
[EventDate "2018.06.17"]
[EventType "swiss"]
[EventCountry "SRB"]
[SourceTitle "playchess.com"]
[Source "ChessBase"]
[SourceQuality "1"]

{[%evp 24,66,24,-18,14,-3,36,-41,-40,-48,-40,-40,-47,-44,-16,-23,-14,-53,-54,-45,-14,-91,-96,-122,-49,-40,-48,-56,-40,-39,-36,-43,-22,-98,-74,-78,-79,-77,-40,-172,-184,-603,-609,-29993,-29994]} 1. d4 d6 2. Nf3 g6 3. c4 Bg7 4. Nc3 Nd7 5. e4 e5 6. Be2 Ngf6 {[%cal Bg8f6,Bf6h5,Bh5f4][%mdl 32]} 7. O-O O-O 8. Qc2 Nh5 9. Rd1 Nf4 10. Bf1 c5 11. dxe5 dxe5 12. Bxf4 {E94: Königsindisch (Klassisches System)} exf4 13. e5 {LiveBook: 4 Partien} Re8 14. Qe4 {Die Stellung ist ausgeglichen.} Qa5 {[%cal Rd7e5]} 15. Nd5 (15. Rd5 $14) 15... Nxe5 $15 16. Nxe5 {Und weiter mit Sc6 wäre nett.} Bf5 17. Qxf4 {zielt auf Te1 ab.} Bxe5 18. Qd2 Qd8 19. g3 Rb8 20. Bg2 b5 21. Ne3 bxc4 {Droht ...Dxd2 und aus.} 22. Nxc4 (22. Qxd8 $11 {bleibt in der Remisbreite.} Rexd8 23. Rxd8+ Rxd8 24. Nxc4) 22... Bd4 $1 $17 23. Rac1 Qf6 (23... Bg4 $1 $17 24. Re1 Rxe1+ 25. Qxe1 Bxb2 26. Nxb2 Rxb2) 24. b3 $1 $15 Rbd8 25. Re1 Kg7 {Droht stark ...Lc3.} 26. Rxe8 Rxe8 27. Ne3 Bc8 28. b4 (28. Nd5 $11 Qe5 29. Ne3) 28... Bxe3 29. fxe3 Rd8 $36 {[%mdl 2048] Schwarz ist am Drücker.} 30. Qe1 Qb2 31. Rxc5 {[#]} (31. bxc5 $15 Rd2 32. Be4) 31... Rd2 $1 $19 {[%cal Rd2g2]} 32. Bf1 $2 {[#]} (32. Qf1 Bf5 33. Bf3) 32... Bb7 $1 {( -> ...Tg2+!)} 33. e4 Qd4+ {Precision: Weiß = 21%, Schwarz = 49%.} 0-1

[Event "Silver Lake Open-A 2018"]
[Site "Veliko Gradiste"]
[Date "2018.06.18"]
[Round "3"]
[White "Ozen, Bahadir"]
[Black "Lajthajm, Borko"]
[Result "1/2-1/2"]
[WhiteElo "2316"]
[BlackElo "2432"]
[Annotator "TA"]
[PlyCount "124"]
[EventDate "2018.06.17"]
[EventType "swiss"]
[EventCountry "SRB"]
[SourceTitle "playchess.com"]
[Source "ChessBase"]
[SourceQuality "1"]

{[%evp 12,124,-7,-6,14,15,12,19,14,20,16,6,41,6,5,-12,18,0,-14,-19,-13,-29,-36,-41,0,0,0,0,19,8,59,38,59,32,106,99,84,92,96,93,120,109,147,112,91,72,95,71,67,56,127,133,125,125,125,112,158,147,207,66,63,65,89,68,96,95,94,88,88,88,107,111,177,100,128,131,122,95,95,72,99,75,95,43,45,10,71,0,29,29,29,37,58,29,98,31,31,0,0,0,0,0,0,0,0,0,0,0,0,0,0,0,0,0,0]} 1. g3 Nf6 2. Bg2 e5 3. d3 d5 4. Nf3 Bd6 5. O-O h6 6. Nc3 {A00: Irregular Openings} c6 7. e4 {LiveBook: 6 Games} dxe4 8. Nxe4 Nxe4 9. dxe4 Bg4 10. h3 Be6 11. b3 g5 12. Nh2 Bc5 13. Ng4 Nd7 14. Bb2 Qc7 15. Qe2 O-O-O 16. Rfd1 h5 {[%cal Bh6h5,Bh5h4][%mdl 32]} 17. Ne3 h4 {Threatens to win with ...g4!} 18. g4 f6 19. Qf3 Rh6 20. a3 a5 ({Black should try} 20... Rhh8 $11) 21. Bf1 Kb8 22. c4 {[%cal Bc2c4,Bc4c5][%mdl 32]} (22. Nf5 $5 {[%cal Rf5h6]} Rhh8 23. Be2 $11) 22... Qb6 (22... Bd4 $14 23. Bxd4 exd4 24. Rxd4 Ne5 25. Rxd8+ Qxd8) 23. Nc2 $16 Be7 24. b4 Rhh8 25. Bc3 a4 26. Ne3 Nf8 27. c5 Qc7 28. Nd5 cxd5 29. exd5 Bxd5 30. Rxd5 Rxd5 (30... Ng6 $14) 31. Qxd5 Ng6 {[%cal Bf8g6,Bg6f4,Bf4e6][%mdl 32]} 32. Qe4 Nf4 33. Bd2 Ne6 34. Be3 Qc6 (34... Rd8 $16 {was necessary.} 35. Bb5 Nd4 36. Bxa4 Ne2+ 37. Kg2 Nc3) 35. Bg2 (35. Qc2 $18) 35... Qxe4 $14 36. Bxe4 Kc7 37. Rd1 Nd4 38. Bxd4 exd4 39. Rxd4 $16 {[%mdl 4096] Endgame KRB-KRB} Rd8 40. Rc4 Rd1+ 41. Kg2 Bd8 {[#]} (41... b6 $16) 42. Rc3 (42. b5 $1 $18) 42... b6 43. cxb6+ Kxb6 44. Rc6+ Kb5 45. Rc5+ Kb6 46. Ra5 Rd2 47. Kf3 (47. Rf5 $16) 47... Bc7 $14 48. Bg6 Kb7 (48... Kc6 $11 {remains equal.} 49. Be4+ (49. Rxa4 Bb6 $11) 49... Kb6) 49. Be4+ Kb6 50. Rxa4 Kb5 51. Ra8 Bb6 {[%csl Gb6][%cal Rd2f2] [#]} 52. Bg6 Rxf2+ 53. Ke4 Kc6 54. Kd3 Rf3+ {The position is equal.} 55. Kc4 Rf4+ 56. Kc3 Rf3+ 57. Bd3 Kd5 58. a4 {[%cal Ba3a4,Ba4a5][%mdl 32]} Rxh3 59. a5 Bd4+ 60. Kd2 Rh2+ 61. Be2 $1 Rh3 62. b5 Rb3 {Precision: White = 48%, Black = 51%.} 1/2-1/2

[Event "Silver Lake Open-A 2018"]
[Site "Veliko Gradiste"]
[Date "2018.06.18"]
[Round "3"]
[White "Baglan, Esat"]
[Black "Hirneise, Tobias"]
[Result "1/2-1/2"]
[WhiteElo "2314"]
[BlackElo "2461"]
[Annotator "TA"]
[PlyCount "29"]
[EventDate "2018.06.17"]
[EventType "swiss"]
[EventCountry "SRB"]
[SourceTitle "playchess.com"]
[Source "ChessBase"]
[SourceQuality "1"]

{[%evp 25,29,14,16,11,27,15]} 1. e4 e5 2. Nf3 Nc6 3. Bb5 Nf6 4. O-O Nxe4 5. Re1 Nd6 6. Nxe5 Be7 7. Bf1 Nxe5 8. Rxe5 O-O 9. d4 Ne8 {C67: Ruy Lopez: Berlin Defence: 4 0-0 Nxe4} 10. d5 d6 11. Re1 Bg5 12. Nc3 Bxc1 13. Rxc1 Nf6 {LiveBook: 4 Games} 14. h3 Bd7 15. Qd4 1/2-1/2

[Event "Silver Lake Open-A 2018"]
[Site "Veliko Gradiste"]
[Date "2018.06.18"]
[Round "3"]
[White "Desnica, Vladan"]
[Black "Stojanovic, Mihajlo"]
[Result "1/2-1/2"]
[WhiteElo "2300"]
[BlackElo "2488"]
[Annotator "TA"]
[PlyCount "20"]
[EventDate "2018.06.17"]
[EventType "swiss"]
[EventCountry "SRB"]
[SourceTitle "playchess.com"]
[Source "ChessBase"]
[SourceQuality "1"]

{[%evp 19,20,-24,-10]} 1. d4 Nf6 2. c4 e6 3. Nc3 Bb4 4. Nf3 b6 5. Bg5 Bb7 6. e3 h6 7. Bh4 Bxc3+ 8. bxc3 d6 9. Bd3 Nbd7 10. O-O g5 {LiveBook: 21 Games. E13: Queen's Indian/Nimzo-Indian hybrid: 4 Nc3 Bb7 5 Bg5 h6 6 Bh4 Bb4} 1/2-1/2

[Event "Silver Lake Open-A 2018"]
[Site "Veliko Gradiste"]
[Date "2018.06.18"]
[Round "3"]
[White "Injac, Teodora"]
[Black "Radovanovic, Mihajlo"]
[Result "1-0"]
[WhiteElo "2282"]
[BlackElo "2419"]
[Annotator "TA"]
[PlyCount "99"]
[EventDate "2018.06.17"]
[EventType "swiss"]
[EventCountry "SRB"]
[SourceTitle "playchess.com"]
[Source "ChessBase"]
[SourceQuality "1"]

{[%evp 21,99,19,19,11,41,36,144,145,144,91,116,96,92,88,114,73,62,51,51,49,50,52,53,52,74,73,73,73,66,67,67,67,85,51,51,51,54,51,82,82,82,81,82,70,81,76,74,74,77,73,98,91,163,108,153,0,121,41,54,0,114,55,779,696,1081,1020,12838,12839,12839,12839,12841,12841,12840,12839,12843,12844,12844,12844,12845,12845]} 1. d4 d6 2. Nf3 g6 3. c4 Bg7 4. Nc3 Nf6 5. e4 O-O 6. Be2 e5 7. O-O Nc6 8. Be3 Ng4 9. Bg5 f6 10. Bc1 Nh6 {E97: King's Indian: Classical Main Line (6...e5 7 0-0 Nc6): 8 Be3 and 8 d5 Ne7, not 9 Ne1} 11. c5 dxc5 {LiveBook: 3 Games} 12. dxe5 Qxd1 {The position is equal.} 13. Rxd1 Nxe5 (13... fxe5 $14 14. Nb5 Rb8) 14. Nxe5 $16 fxe5 {[#]} 15. Bc4+ ({White should try} 15. Nb5 $1) 15... Kh8 16. Be3 {[%mdl 1024] White has strong compensation.} b6 17. f3 Bb7 18. Rd7 Rac8 19. Nb5 Bc6 20. Rxg7 Bxb5 21. Bxh6 Bxc4 22. Rd1 $1 {[%cal Rd1d7] Threatens to win with Rdd7.} Rf7 23. Rd7 Rxd7 24. Rxd7 Bxa2 {[%mdl 4096] Endgame KRB-KRB} 25. Bg7+ Kg8 26. Bxe5 Bf7 27. Rxc7 (27. Bxc7 {is interesting.} Be8 28. Re7 b5 29. Be5 a5 30. Rg7+) 27... Rxc7 28. Bxc7 {KB-KB} c4 29. Kf2 Kf8 30. Bb8 a6 31. Bc7 b5 32. Ke3 Ke7 33. Ba5 h5 34. Kd4 Kd6 35. f4 Be8 36. h3 Bd7 {[#]} (36... h4 $16 {was worth a try.}) 37. Bb4+ $1 $18 Kc6 38. Ba5 $2 (38. Ke5 $16) 38... Bc8 (38... Kd6 $1 $11) 39. Bd8 (39. Bd2 $16) 39... Kd6 40. Ba5 (40. Bh4 $14) 40... Kc6 (40... Bd7 $11 {remains equal.}) 41. Ke5 ({Better is} 41. Bc3 $16) 41... Kc5 $2 {[%mdl 8192]} (41... h4 $14) 42. f5 {White is clearly winning.} gxf5 43. exf5 {Black must now prevent f6.} Bxf5 44. Kxf5 {KB-KP} h4 45. Ke4 b4 46. Bd8 Kb5 47. Bxh4 Ka4 48. Bf6 Kb3 49. h4 {[%cal Bh3h4,Bh4h5][%mdl 32]} a5 50. h5 {Precision: White = 72%, Black = 46%.} 1-0

[Event "Silver Lake Open-A 2018"]
[Site "Veliko Gradiste"]
[Date "2018.06.18"]
[Round "3"]
[White "Kulkarni, Chinmay"]
[Black "Kanakaris, Georgios"]
[Result "1/2-1/2"]
[WhiteElo "2281"]
[BlackElo "2399"]
[Annotator "NA"]
[PlyCount "51"]
[EventDate "2018.06.17"]
[EventType "swiss"]
[EventCountry "SRB"]
[SourceTitle "playchess.com"]
[Source "ChessBase"]
[SourceQuality "1"]
[TimeControl "40/5400+30:900+30"]

1. e4 d5 2. exd5 Qxd5 3. Nc3 Qd8 4. Bc4 Nf6 5. Nf3 a6 {B01: Scandinavian Defence} 6. Ne5 (6. a4 Nc6 7. h3 Bf5 8. d3 h6 9. g4 Bg6 10. Bf4 e6 11. Ne5 Nxe5 12. Bxe5 Bd6 13. Qe2 Bxe5 14. Qxe5 {1-0 (44) Kamsky,G (2677)-Bartholomew,J (2477) Reykjavik 2018}) 6... e6 7. d4 Nbd7 $146 ({Predecessor:} 7... b5 8. Be2 Bb7 9. Bf3 Nd5 10. O-O Be7 11. Nxd5 Bxd5 12. a4 b4 13. c4 {½-½ (57) Diaz,J (2164)-Seeger,W (2221) Hessen 2014}) 8. Qe2 Nb6 9. Bb3 Be7 10. Bg5 O-O 11. O-O-O Nfd5 12. Bd2 Nxc3 13. Bxc3 Bg5+ 14. Bd2 Bxd2+ 15. Qxd2 Bd7 16. h4 Ba4 17. Bxa4 Nxa4 18. h5 Nb6 19. g4 f6 20. Ng6 $15 Re8 21. Kb1 Nd5 22. Nf4 Nxf4 23. Qxf4 Qd6 24. Qf3 Qd5 25. Qf4 Qd6 26. Qf3 1/2-1/2

[Event "Silver Lake Open-A 2018"]
[Site "Veliko Gradiste"]
[Date "2018.06.18"]
[Round "3"]
[White "Avalyan, Artur"]
[Black "Tosic, Miroslav"]
[Result "1-0"]
[WhiteElo "2268"]
[BlackElo "2384"]
[Annotator "ChessBase"]
[PlyCount "107"]
[EventDate "2018.06.17"]
[EventType "swiss"]
[EventCountry "SRB"]
[SourceTitle "playchess.com"]
[Source "ChessBase"]
[SourceQuality "1"]
[TimeControl "40/5400+30:900+30"]

1. d4 {[%emt 0:00:00]} e6 {[%emt 0:00:56]} 2. c4 {[%emt 0:00:00]} c5 {[%emt 0:00:59]} 3. d5 {[%emt 0:00:00]} exd5 {[%emt 0:00:07]} 4. cxd5 {[%emt 0:00:02]} d6 {[%emt 0:00:08]} 5. Nc3 {[%emt 0:00:16]} a6 {[%emt 0:00:15]} 6. a4 {[%emt 0:02:58]} Ne7 {[%emt 0:00:34]} 7. e4 {[%emt 0:04:17]} Ng6 {[%emt 0:00:06]} 8. Nf3 {[%emt 0:02:43]} Be7 {[%emt 0:00:42]} 9. Be2 {[%emt 0:00:20]} O-O {[%emt 0:00:29]} 10. O-O {[%emt 0:00:05]} Nd7 {[%emt 0:04:39]} 11. Be3 {[%emt 0:01:48]} Bf6 {[%emt 0:03:09]} 12. Nd2 {[%emt 0:01:02]} Re8 {[%emt 0:00:40]} 13. Qc2 {[%emt 0:14:22]} Bd4 {[%emt 0:09:18]} 14. Nc4 {[%emt 0:02:02]} Nde5 {[%emt 0:00:58]} 15. Nxe5 {[%emt 0:13:25]} dxe5 {[%emt 0:01:45]} 16. Qd2 {[%emt 0:03:09]} Qf6 {[%emt 0:01:33]} 17. Rfd1 {[%emt 0:04:50]} Nf4 {[%emt 0:02:23]} 18. Bf1 {[%emt 0:01:05]} g5 {[%emt 0:06:22]} 19. Ne2 {[%emt 0:04:11]} Bd7 {[%emt 0:04:07]} 20. Ra3 {[%emt 0:10:08]} Kh8 {[%emt 0:07:49]} 21. b4 {[%emt 0:02:37]} b6 {[%emt 0:03:53]} 22. a5 {[%emt 0:03:14]} Bb5 {[%emt 0:04:53]} 23. Ng3 {[%emt 0:01:55]} cxb4 {[%emt 0:01:33]} 24. Qxb4 {[%emt 0:00:27]} bxa5 {[%emt 0:00:32]} 25. Qxa5 {[%emt 0:00:41]} Bxf1 {[%emt 0:01:24]} 26. Rxf1 {[%emt 0:01:47]} Reb8 {[%emt 0:00:50]} 27. Rd1 {[%emt 0:05:54]} Rb2 {[%emt 0:01:07]} 28. Ra2 {[%emt 0:07:28]} Rxa2 {[%emt 0:08:26]} 29. Qxa2 {[%emt 0:00:04]} Rb8 {[%emt 0:00:39]} 30. Nf5 {[%emt 0:01:18]} Bxe3 {[%emt 0:04:04]} 31. fxe3 {[%emt 0:00:20]} Ng6 {[%emt 0:00:19]} 32. d6 {[%emt 0:01:20]} Nh4 {[%emt 0:00:15]} 33. Qxa6 {[%emt 0:01:10]} Nxf5 {[%emt 0:00:23]} 34. exf5 {[%emt 0:03:33]} Qxf5 {[%emt 0:00:58]} 35. d7 {[%emt 0:01:06]} Rd8 {[%emt 0:00:08]} 36. Rd6 {[%emt 0:06:21]} Kg7 {[%emt 0:01:03]} 37. Qc6 {[%emt 0:00:22]} g4 {[%emt 0:04:55]} 38. Qc7 {[%emt 0:01:06]} Qg5 {[%emt 0:00:43]} 39. Kf2 {[%emt 0:00:14]} h5 {[%emt 0:03:54]} 40. Rd5 {[%emt 0:00:00]} h4 {[%emt 0:00:38]} 41. Ke2 {[%emt 0:04:10]} g3 {[%emt 0:02:34]} 42. h3 {[%emt 0:00:31]} Qh5+ {[%emt 0:00:53]} 43. Ke1 {[%emt 0:00:49]} Qg5 {[%emt 0:02:44]} 44. Qxe5+ {[%emt 0:00:29]} Qxe5 {[%emt 0:00:12]} 45. Rxe5 {[%emt 0:00:02]} Rxd7 {[%emt 0:04:30]} 46. Rh5 {[%emt 0:00:16]} Re7 {[%emt 0:00:15]} 47. Ke2 {[%emt 0:00:08]} Re4 {[%emt 0:00:14]} 48. Kf3 {[%emt 0:00:05]} Ra4 {[%emt 0:00:29]} 49. Rg5+ {[%emt 0:00:19]} Kf6 {[%emt 0:02:36]} 50. Rg4 {[%emt 0:00:06]} Ra3 {[%emt 0:00:46]} 51. Rxh4 {[%emt 0:00:04]} Ke5 {[%emt 0:00:06]} 52. Re4+ {[%emt 0:00:19]} Kd5 {[%emt 0:00:22]} 53. Re8 {[%emt 0:00:04]} f5 {[%emt 0:00:16]} 54. Kxg3 {[%emt 0:00:03]} 1-0

[Event "Silver Lake Open-A 2018"]
[Site "Veliko Gradiste"]
[Date "2018.06.18"]
[Round "3"]
[White "Baum, Jonasz"]
[Black "Perunovic, Miodrag"]
[Result "1-0"]
[WhiteElo "2230"]
[BlackElo "2442"]
[Annotator "TA"]
[PlyCount "67"]
[EventDate "2018.06.17"]
[EventType "swiss"]
[EventCountry "SRB"]
[SourceTitle "playchess.com"]
[Source "ChessBase"]
[SourceQuality "1"]

{[%evp 15,67,53,53,53,56,50,67,75,69,65,75,50,47,38,35,73,66,14,22,14,37,1,37,26,45,32,29,37,69,67,46,52,70,30,30,31,178,173,181,198,174,164,582,582,582,579,554,549,505,487,29995,231,29996,29997]} 1. e4 e6 2. d4 d5 3. Nc3 Nc6 4. e5 f6 5. Bb5 Bd7 6. Nf3 {C10: French with 3 Nc3: Unusual Black 3rd moves and 3...dxe4} a6 7. Bxc6 Bxc6 8. O-O Qd7 {LiveBook: 7 Games} 9. Ne2 Qf7 10. Re1 O-O-O 11. a4 h6 12. exf6 gxf6 13. Nf4 Re8 14. Nd3 Bd6 15. Bf4 Ne7 16. b4 ({Better is} 16. Bxd6 $14 cxd6 17. Nd2) 16... Bxf4 $1 $11 17. Nxf4 {aiming for b5.} e5 18. Ne2 e4 19. Nh4 {[%cal Bf3h4,Bh4g2,Bg2f4][%mdl 32]} Rhg8 20. g3 Bd7 21. Nf4 Rg4 {...Rxh4! is the strong threat.} 22. Nhg2 Ng6 {Threatens to win with ...Nxf4.} 23. Nxg6 Rxg6 24. Qd2 f5 25. Nf4 $36 {[%mdl 2048] White has the initiative.} Rg4 (25... Rd6 $14) 26. h3 Rg7 {[#]} 27. b5 $1 {[%mdl 512]} axb5 28. Qa5 {[%cal Ra5a8]} Bc6 $2 (28... Kd8 {is tougher.}) 29. axb5 $18 b6 {[#]} 30. bxc6 $3 {[%cal Ra5a8][%mdl 512]} bxa5 31. Rxa5 {[%cal Ra5a8]} Kd8 {And now ...Ke7 would win.} 32. Nxd5 {[%cal Ra5a8] [#]} Qe6 (32... Qxd5 $1 $18 {[%mdl 512]} 33. Rxd5+ Ke7 34. Re5+ Kf7 35. Rxf5+ Kg6) 33. Ra8+ Qc8 34. Rea1 {Precision: White = 79%, Black = 64%.} 1-0

[Event "Silver Lake Open-A 2018"]
[Site "Veliko Gradiste"]
[Date "2018.06.18"]
[Round "3"]
[White "Krasteva, Beloslava"]
[Black "Stoyanov, Tsvetan"]
[Result "1-0"]
[WhiteElo "2040"]
[BlackElo "2363"]
[Annotator "NA"]
[PlyCount "97"]
[EventDate "2018.06.17"]
[EventType "swiss"]
[EventCountry "SRB"]
[SourceTitle "playchess.com"]
[Source "ChessBase"]
[SourceQuality "1"]
[TimeControl "40/5400+30:900+30"]

1. g3 {[%emt 0:00:09]} c5 {[%emt 0:00:11]} 2. Bg2 {[%emt 0:00:13]} Nc6 {[%emt 0:00:08]} 3. d3 {[%emt 0:00:28]} g6 {[%emt 0:00:08]} 4. Nc3 {[%emt 0:01:20]} Bg7 {[%emt 0:00:08]} 5. e4 {[%emt 0:00:13]} e6 {[%emt 0:00:20]} 6. Be3 {[%emt 0:01:35]} d6 {[%emt 0:00:07]} 7. Qd2 {[%emt 0:00:07]} Nge7 {[%emt 0:00:33]} 8. Bh6 {[%emt 0:02:28]} O-O {[%emt 0:00:42]} 9. h4 {[%emt 0:00:28]} Bxh6 {[%emt 0:07:42]} 10. Qxh6 {[%emt 0:00:29]} f6 {[%emt 0:00:35]} 11. Qd2 {[%emt 0:10:52]} Nd4 {[%emt 0:01:33]} 12. Nd1 {[%emt 0:01:01]} d5 {[%emt 0:00:28]} 13. Ne3 {[%emt 0:05:52]} dxe4 {[%emt 0:02:35]} 14. dxe4 {[%emt 0:00:22]} Qc7 {[%emt 0:04:08]} 15. c3 {[%emt 0:01:24]} Ndc6 {[%emt 0:00:04]} 16. Ne2 {[%emt 0:05:39]} Bd7 {[%emt 0:03:53]} 17. h5 {[%emt 0:04:35]} Rad8 {[%emt 0:01:23]} 18. hxg6 {[%emt 0:01:27]} Nxg6 {[%emt 0:00:06]} 19. Qc2 {[%emt 0:03:01]} Nce7 {[%emt 0:05:38]} 20. a4 {[%emt 0:05:36]} Bc6 {[%emt 0:02:34]} 21. Qb3 {[%emt 0:02:05]} Qd7 {[%emt 0:03:23]} 22. Bh3 {[%emt 0:06:56]} f5 {[%emt 0:00:13]} 23. Rd1 {[%emt 0:00:28]} Qc8 {[%emt 0:24:38]} 24. Rxd8 {[%emt 0:00:45]} Rxd8 {[%emt 0:00:04]} 25. Nxf5 {[%emt 0:00:16]} Nxf5 {[%emt 0:00:27]} 26. Bxf5 {[%emt 0:00:14]} Bxa4 {[%emt 0:00:13]} 27. Qxe6+ {[%emt 0:08:50]} Qxe6 {[%emt 0:01:01]} 28. Bxe6+ {[%emt 0:00:03]} Kg7 {[%emt 0:00:05]} 29. Bd5 {[%emt 0:00:09]} Ne5 {[%emt 0:00:37]} 30. Nf4 {[%emt 0:00:24]} Bd7 {[%emt 0:05:06]} 31. Rh5 {[%emt 0:04:49]} Ng6 {[%emt 0:01:31]} 32. Nd3 {[%emt 0:01:00]} b6 {[%emt 0:02:17]} 33. f4 {[%emt 0:00:32]} Re8 {[%emt 0:00:16]} 34. Kf2 {[%emt 0:00:54]} a5 {[%emt 0:00:26]} 35. Ke3 {[%emt 0:00:53]} h6 {[%emt 0:01:47]} 36. c4 {[%emt 0:03:10]} Bg4 {[%emt 0:00:19]} 37. Rh1 {[%emt 0:00:47]} Bf5 {[%emt 0:01:53]} 38. Kf3 {[%emt 0:00:44]} Bd7 {[%emt 0:00:16]} 39. g4 {[%emt 0:00:20]} a4 {[%emt 0:00:26]} 40. f5 {[%emt 0:00:00]} Ne5+ {[%emt 0:00:55]} 41. Nxe5 {[%emt 0:00:43]} Rxe5 {[%emt 0:00:01]} 42. Kf4 {[%emt 0:00:12]} Re8 {[%emt 0:00:06]} 43. e5 {[%emt 0:00:07]} b5 {[%emt 0:00:10]} 44. e6 {[%emt 0:00:15]} Bc8 {[%emt 0:00:12]} 45. cxb5 {[%emt 0:00:14]} Rd8 {[%emt 0:00:05]} 46. Ke5 {[%emt 0:00:11]} Rxd5+ {[%emt 0:00:08]} 47. Kxd5 {[%emt 0:00:09]} Bb7+ {[%emt 0:00:01]} 48. Kd6 {[%emt 0:00:10]} Bxh1 {[%emt 0:00:06]} 49. e7 {[%emt 0:00:05]} 1-0

[Event "Silver Lake Open-A 2018"]
[Site "Veliko Gradiste"]
[Date "2018.06.19"]
[Round "4"]
[White "Petrov, Nikita"]
[Black "Sanal, Vahap"]
[Result "1-0"]
[WhiteElo "2589"]
[BlackElo "2510"]
[Annotator "TA"]
[PlyCount "113"]
[EventDate "2018.06.17"]
[EventType "swiss"]
[EventCountry "SRB"]
[SourceTitle "playchess.com"]
[Source "ChessBase"]
[SourceQuality "1"]

{[%evp 22,113,43,37,42,0,10,-8,14,0,0,-11,10,-60,-39,-53,0,0,0,-23,16,33,19,62,282,254,254,238,811,812,434,456,750,750,782,751,973,966,959,950,887,860,1061,491,1093,463,433,539,539,537,503,534,531,519,516,492,430,443,727,720,713,708,697,702,673,658,666,652,910,896,916,927,905,904,801,778,762,677,572,0,693,0,784,784,784,784,784,784,772,767,767,745,877,877]} 1. Nf3 c5 2. c3 Nf6 3. d4 e6 4. Bf4 Nc6 5. e3 Be7 6. h3 b6 7. Nbd2 cxd4 8. exd4 Bb7 9. Bd3 O-O 10. O-O d6 {A47: 1 d4 Nf6 2 Nf3 b6: Torre, London and Colle Systems} 11. Bh2 Re8 (11... g6 12. Qe2 Re8 13. Rfe1 Bf8 14. a4 Rc8 15. Nc4 d5 16. Nce5 Nxe5 17. Bxe5 a5 18. Bb5 {1-0 (45) Li,C (2720)-Yudasin,L (2517) chess.com INT 2017}) 12. Re1 {LiveBook: 3 Games} Qc7 {White is slightly better.} 13. c4 $146 ({Predecessor:} 13. Rc1 Rad8 14. Qc2 h6 15. Qb1 Bf8 16. Ne4 Nxe4 17. Bxe4 Nb8 18. Bxb7 Qxb7 19. Re2 Nd7 20. Rce1 Nf6 21. Qd3 Rc8 22. Nd2 {½-½ (22) Kosev,M (1714)-Schubert,N (1715) Willingen 2017}) 13... Rad8 14. Qb1 Bf8 15. b4 e5 16. d5 Ne7 17. Nxe5 (17. Rc1 $11) 17... dxe5 $15 18. Bxe5 Qc8 19. Bxf6 $1 gxf6 20. Bxh7+ Kg7 {And now ...f5 would win.} 21. Re4 $1 {[%cal Re4g4,Be1e4,Be4h4,Bh4h5,Bh5h7][%mdl 32]} f5 22. Rh4 b5 $2 (22... Nxd5 $1 $14 23. Qd3 (23. cxd5 Qc3 $11) (23. Bxf5 Nc3 $15) 23... Ne3 24. Qc3+ f6 25. fxe3 Qe6) 23. Qb2+ (23. cxb5 $2 Qc3 $19) 23... f6 24. Qc3 $40 {[%mdl 128] White threatens Qg3+ and mate. Black is in trouble.} Qc7 $2 {[#]} (24... Kf7) 25. Qf3 $1 $18 Qe5 26. Rd1 f4 (26... Bc8 $142 27. g3 (27. Qh5 f4 $16) 27... a6) 27. Rh5 f5 {[#]} 28. Bxf5 $1 {[%mdl 512]} Nxf5 29. Qg4+ Kf6 30. Nf3 Qe4 31. Rh7 {[%csl Gf3][%cal Rg4g5]} Bg7 32. Qg5+ Kf7 33. Qh5+ (33. Nh4 $142) 33... Kg8 {[#] Threatens to win with ...Ne7.} 34. Ng5 $1 {[%csl Gg5][%cal Rh5f7]} Qe7 {White must now prevent ...Qf6.} 35. Qg6 {Intending Rh8+! and mate.} Qxg5 36. Qxg5 Kxh7 37. Qxf5+ Kg8 38. d6 bxc4 39. Qb5 Ba8 (39... Bc8 $142 40. d7 Bxd7 41. Rxd7 Rxd7) 40. Qxc4+ Kh8 41. Qxf4 Rd7 42. Qh4+ Kg8 43. Qg4 Red8 44. Qe6+ Kh8 45. b5 Bb7 46. a4 Bb2 47. Rd2 Ba1 48. Qg4 Bf6 49. Qh5+ Kg7 50. Qg4+ Kh8 51. Qe6 Ba1 $1 52. Rd3 {White is clearly winning.} Bc8 53. Qc4 Bf6 54. a5 Re8 55. Re3 Rf8 56. Qc6 Rfd8 57. Re6 {Precision: White = 75%, Black = 47%.} 1-0

[Event "Silver Lake Open-A 2018"]
[Site "Veliko Gradiste"]
[Date "2018.06.19"]
[Round "4"]
[White "Atalik, Suat"]
[Black "Ozen, Bahadir"]
[Result "1/2-1/2"]
[WhiteElo "2512"]
[BlackElo "2316"]
[Annotator "TA"]
[PlyCount "80"]
[EventDate "2018.06.17"]
[EventType "swiss"]
[EventCountry "SRB"]
[SourceTitle "playchess.com"]
[Source "ChessBase"]
[SourceQuality "1"]

{[%evp 13,80,3,16,26,35,29,37,37,37,31,39,22,44,50,64,51,71,71,95,110,93,87,92,80,101,77,78,75,78,68,108,100,120,70,78,73,102,20,50,0,0,0,40,0,0,-8,-8,-22,-22,-22,-21,-23,-23,-68,-16,-20,-8,-30,-31,-79,-69,-72,-70,-60,-64,-100,-93,-123,-60]} 1. d4 g6 2. c4 Bg7 3. Nf3 e6 4. g3 Ne7 5. Bg2 O-O 6. O-O d5 7. Na3 {A13: English Opening: 1...e6} (7. Qc2 Nbc6 8. Rd1 Nf5 9. e3 dxc4 10. Na3 a5 11. Nxc4 a4 12. Bd2 Qe7 13. Rac1 Rd8 14. Nce5 Bd7 15. Nxd7 Rxd7 {1-0 (33) Aleksandrov,A (2618)-Repka,C (2513) Moscow 2018}) 7... Nbc6 {LiveBook: 8 Games} 8. Bf4 a6 9. Rc1 $146 {White is slightly better.} ({Predecessor:} 9. Qd2 Nf5 10. cxd5 exd5 11. Bg5 {1-0 (79) Gomez Enguita,F (2025)-Fuertes,J (1685) San Jose 1998}) 9... h6 10. h4 f6 11. Bd2 g5 12. e3 Rb8 13. hxg5 fxg5 14. Ne1 Nf5 15. Nd3 Kh8 16. Qh5 Qd6 17. Qh2 Rd8 18. Bc3 Qe7 19. Rce1 b5 {aiming for ...b4.} 20. cxd5 $1 exd5 21. b4 Nd6 22. Bxd5 Ne4 23. Bxc6 Nxc3 {[#]} 24. f4 $1 Rb6 25. Bf3 ({White should try} 25. Ne5 $16 {Ng6+ is the strong threat.} Kg8 26. Bf3) 25... gxf4 26. exf4 Bxd4+ 27. Kh1 Qg7 {Threatening ...Rg6.} 28. Ne5 (28. Nc2 $5 {[%cal Rc2d4]}) 28... Rg8 29. Nc2 $132 {[%mdl 2048] White puts up resistance} Bxe5 $1 30. Rxe5 Qxg3 31. Qxg3 Rxg3 32. Re8+ Rg8 33. Rfe1 {Black must now prevent Rxg8+.} Bd7 (33... Rf6 $15 34. Rxg8+ Kxg8) 34. R8e3 $11 Na4 35. Re7 Rd6 {Strongly threatening ...Rf8.} 36. Ne3 Rg7 37. Rxg7 Kxg7 38. Rc1 c6 $1 39. Bg4 Bxg4 40. Nxg4 {[#]} Rd4 {Precision: White = 70%, Black = 45%.} ({Black should play} 40... Nb6 $1 $17 41. Ne5 Nd5 42. Rxc6 Rxc6 43. Nxc6 Kf6) 1/2-1/2